| 000 | 00652cab a2200229 4500 | ||
|---|---|---|---|
| 001 | ABS57913 | ||
| 008 | 090401t1997 xxu||||| |||| 00| 0 eng d | ||
| 035 | _a(Sirsi) u82230 | ||
| 041 | _aeng | ||
| 245 | _aWho is building in your backyard? | ||
| 260 | _c1997 | ||
| 350 | _a0 | ||
| 490 |
_aCountry Life _v191(46) 13 November 1997, 52-57(6) |
||
| 520 | _aA county by county review of where the 4.4m new homes are to be built. Maps. | ||
| 650 | _aGOVERNMENT POLICY | ||
| 650 | _aHOUSEHOLD PROJECTIONS | ||
| 650 | _aHOUSING DEVELOPMENT | ||
| 650 | _aNEW HOMES | ||
| 690 | _aPROPERTY-PROPERTY DEVELOPMENT | ||
| 942 | _n0 | ||
| 948 | _c19/11/1997 | ||
| 999 |
_c51882 _d51882 |
||